Un rude hiver (Record no. 123757)
[ view plain ]
| 000 -LEADER | |
|---|---|
| fixed length control field | 00334nam a22001217a 4500 |
| 008 - FIXED-LENGTH DATA ELEMENTS--GENERAL INFORMATION | |
| fixed length control field | 151105b xxu||||| |||| 00| 0 eng d |
| 050 ## - LIBRARY OF CONGRESS CALL NUMBER | |
| Classification number | PQ2633.U43R8 |
| 100 ## - MAIN ENTRY--PERSONAL NAME | |
| Personal name | Queneau, Raymond |
| 9 (RLIN) | 20988 |
| 245 ## - TITLE STATEMENT | |
| Title | Un rude hiver |
| Statement of responsibility, etc | /by Raymond Queneau |
| 260 ## - PUBLICATION, DISTRIBUTION, ETC. (IMPRINT) | |
| Place of publication, distribution, etc | Paris |
| Name of publisher, distributor, etc | Gallimard |
| Date of publication, distribution, etc | 1966 |
| 300 ## - PHYSICAL DESCRIPTION | |
| Extent | 175p. ; |
| Dimensions | 19cm. |
| 942 ## - ADDED ENTRY ELEMENTS (KOHA) | |
| Source of classification or shelving scheme | Library of Congress Classification |
| Item type | Monograph ( Printed materials) |
| Withdrawn status | Lost status | Source of classification or shelving scheme | Damaged status | Not for loan | Collection code | Home library | Current library | Shelving location | Date acquired | Total Checkouts | Full call number | Barcode | Date last seen | Price effective from | Koha item type |
|---|---|---|---|---|---|---|---|---|---|---|---|---|---|---|---|
| Library of Congress Classification | Main Collection | ARRUPE LIBRARY | ARRUPE LIBRARY | Main Collection | 05/11/2015 | PQ2633.U43R8 | 46500005607 | 26/03/2019 | 05/11/2015 | Monograph ( Printed materials) |